Fuel Cells UK launch (Record no. 72638)
[ view plain ]
| 000 -LEADER | |
|---|---|
| fixed length control field | 01034cam a2200217 4500 |
| 001 - CONTROL NUMBER | |
| control field | WB3917-06 |
| 008 - FIXED-LENGTH DATA ELEMENTS--GENERAL INFORMATION | |
| fixed length control field | 030508n2003 000 0 eng u |
| 035 ## - SYSTEM CONTROL NUMBER | |
| System control number | (Sirsi) u122218 |
| 245 ## - TITLE STATEMENT | |
| Title | Fuel Cells UK launch |
| 260 ## - PUBLICATION, DISTRIBUTION, ETC. | |
| Date of publication, distribution, etc. | 2003 |
| 490 ## - SERIES STATEMENT | |
| Series statement | DTI Press Release |
| Volume/sequential designation | (P/2003/283) 7 May 2003 (2) |
| 520 ## - SUMMARY, ETC. | |
| Summary, etc. | A new body to help the development of fuel cell technology was launched at the DTI. Fuel Cells UK aims to drive forward the emerging UK sector by helping raise the profile of the fuel cell industry in the UK and act as a central point of contact for companies. Government sees fuel cell technology as a major potential contributor towards the UK becoming a low carbon economy. http://www.gnn.gov.uk/gnn/national.nsf/Daily+News/264571794DDEC1E080256D1F004F820E?opendocument. |
| 590 ## - LOCAL NOTE (RLIN) | |
| Local note | WB |
| 650 ## - SUBJECT ADDED ENTRY--TOPICAL TERM | |
| Topical term or geographic name entry element | DTI |
| 650 ## - SUBJECT ADDED ENTRY--TOPICAL TERM | |
| Topical term or geographic name entry element | FUEL CELL TECHNOLOGY |
| 650 ## - SUBJECT ADDED ENTRY--TOPICAL TERM | |
| Topical term or geographic name entry element | LOW-CARBON ECONOMY |
| 650 ## - SUBJECT ADDED ENTRY--TOPICAL TERM | |
| Topical term or geographic name entry element | CARBON DIOXIDE EMISSIONS |
| 650 ## - SUBJECT ADDED ENTRY--TOPICAL TERM | |
| Topical term or geographic name entry element | RENEWABLE ENERGY |
| 690 ## - LOCAL SUBJECT ADDED ENTRY--TOPICAL TERM (OCLC, RLIN) | |
| Topical term or geographic name as entry element | ENVIRONMENTAL AND LAND CONSULTANCY-ENERGY |
| 942 ## - ADDED ENTRY ELEMENTS (KOHA) | |
| Suppress in OPAC | 0 |
| Withdrawn status | Lost status | Source of classification or shelving scheme | Damaged status | Not for loan | Home library | Current library | Shelving location | Date acquired | Total Checkouts | Full call number | Barcode | Date last seen | Copy number | Price effective from | Koha item type |
|---|---|---|---|---|---|---|---|---|---|---|---|---|---|---|---|
| Dewey Decimal Classification | London | London | News article | 08/05/2003 | WB3917-06 | 122218-1001 | 06/08/2019 | 1 | 06/08/2019 | News article |